AFL Positions - Statistics

General Stats
  • This quiz has been taken 2,471 times
    2,454 since last reset
  • The average score is 11 of 15
Answer Stats
Hint Answer % Correct
Ruck
95%
Fullback
90%
Wing
90%
Full Forward
88%
Half Back
82%
Centre
80%
Back Pocket
76%
Rover
76%
Ruck Rover
76%
Forward Pocket
75%
Half Forward
75%
Centre Half Back
57%
Centre Half Forward
57%
Forward Flank
41%
Half Back Flank
31%
No matching quizzes found
Score Distribution
Percent of People with Each Score
Percentile by Number Answered
Your Score History
You have not taken this quiz since the last reset